Sociálno-ekonomické a psychologické faktory ako zdroje a príčiny vzniku pracovných úrazov v pracovnom prostredí
Enregistré dans:
| Auteur principal: | |
|---|---|
| Format: | Chapitre de livre |
| Langue: | slovaque anglais |
| Sujets: | |
| Tags: |
Pas de tags, Soyez le premier à ajouter un tag!
|
MARC
| LEADER | 00000naa$a2200000$$$4500 | ||
|---|---|---|---|
| 001 | 0297728 | ||
| 005 | 20240502074517.1 | ||
| 041 | 0 | |a slo | |
| 041 | 0 | |a eng | |
| 044 | |a SK | ||
| 245 | 1 | 0 | |a Sociálno-ekonomické a psychologické faktory ako zdroje a príčiny vzniku pracovných úrazov v pracovnom prostredí |c Natália Matkovčíková |
| 500 | |a Abstrakt | ||
| 610 | 2 | 0 | |a prostredie pracovné |
| 610 | 2 | 0 | |a úrazy pracovné |
| 610 | 2 | 0 | |a podnik |
| 610 | 2 | 0 | |a zamestnanci |
| 610 | 2 | 0 | |a bezpečnosť |
| 610 | 2 | 0 | |a ochrana zdravia |
| 610 | 2 | 0 | |a systémy riadenia |
| 100 | 1 | |a Matkovčíková, Natália, 1982- | |